Countries most tested for COVID-19 - Statistics

General Stats
  • This quiz has been taken 37 times
    4 since last reset
  • The average score is 11 of 20
Answer Stats
% Answer % Correct
356 Singapore
100%
282 Andorra
75%
427 Bahrain
75%
267 France
75%
585 Luxembourg
75%
281 San Marino
75%
1045 UAE
75%
1277 Austria
50%
776 Cyprus
50%
1709 Denmark
50%
398 Greece
50%
375 Iceland
50%
386 Israel
50%
326 Maldives
50%
273 Malta
50%
472 Oman
50%
554 United Kingdom
50%
424 Czechia
0%
306 Georgia
0%
294 Latvia
0%
No matching quizzes found
Score Distribution
Percent of People with Each Score
Percentile by Number Answered
Your Score History
You have not taken this quiz since the last reset